Annales chirurgiae et gynaecologiae.

Shranjeno v:
Bibliografske podrobnosti
Novi naslov:Scandinavian journal of surgery
Prejšnji naslov:Annales chirurgiae et gynaecologiae fenniae
Korporativna značnica: Suomalainen Lääkäriseura Duodecim
Format: Revija
Jezik:English
Izdano: Helsinki : Finnish Medical Society Duodecim, 1976-.
Teme:
LEADER 01972nas a2200517 a 4500
001 c000185791
003 CARM
005 20050830113327.0
008 790501c19769999fi br p 0 b0eng d
010 |a sn 79006238 
019 1 |a 1082114  |5 LACONCORD2021 
022 |a 0355-9521 
022 0 |a 0355-9521 
030 |a ACGYDJ 
035 |a (OCoLC)2433259  |5 LACONCORD2021 
040 |a LC  |b eng  |c LC  |d NNCU:A 
041 0 |a eng  |b eng 
042 |a nsdp 
060 0 |a W1 AN3094 
060 0 0 |a W1 AN3094 
060 0 0 |a W1  |b AN3094 
082 1 4 |a 617.005  |2 19 
210 0 |a Ann. chir. gynaecol 
222 0 |a Annales chirurgiae et gynaecologiae 
245 0 0 |a Annales chirurgiae et gynaecologiae. 
260 |a Helsinki :  |b Finnish Medical Society Duodecim,  |c 1976-. 
300 |a v. :  |b ill. ;  |c 25 cm. 
362 0 |a Vol. 65, fasc. 1 (1976)- 
510 1 |a Index medicus  |x 0019-3879 
510 2 |a Biological abstracts  |x 0006-3169 
510 2 |a Chemical abstracts  |x 0009-2258  |b 1976-1982 
510 2 |a Excerpta medica 
510 2 |a Life sciences collection 
580 |a Continues: Annales chirurgiae et gynaecologiae fenniae. 
650 0 |a Surgery  |v Periodicals. 
650 0 |a Gynecology  |v Periodicals. 
710 2 |a Suomalainen Lääkäriseura Duodecim. 
780 1 0 |t Annales chirurgiae et gynaecologiae fenniae  |x 0003-3855 
785 0 0 |t Scandinavian journal of surgery  |x 1457-4969  |w (OCoLC)49572015 
852 8 |b CARM  |h A2:AP08D0  |i C07186  |p 0258636  |f SE 
852 8 |b CARM  |h A2:AP08G0  |i C07176  |p 0258161  |f SE 
866 0 |a 65(1976)-72(1983)+suppl. Inc. 
866 0 |a 65(1976)-72(1983)+suppl. Inc. 
999 f f |i d423062e-9516-53db-b220-e43bbc8c7bea  |s 87cd396e-ba65-55b5-be6b-897b19ddefad 
952 f f |p Can circulate  |a CAVAL  |b CAVAL  |c CAVAL  |d CARM 1 Store  |e C07176  |f A2:AP08G0  |h Other scheme  |i book  |k 65(1976)-66(1977);69(1980)-71(1982)+suppl.  |m 0258161 
952 f f |p Can circulate  |a CAVAL  |b CAVAL  |c CAVAL  |d CARM 1 Store  |e C07186  |f A2:AP08D0  |h Other scheme  |i book  |k 67(1978)-68(1979),72(1983)  |m 0258636